[Event "Ambalangoda Dhamso op 4th"]
[Site "Ambalangoda"]
[Date "2014.05.01"]
[Round "3"]
[White "Jayasekera, Pavindu Udeesha"]
[Black "Wijekoon, Chandana"]
[Result "0-1"]
[WhiteElo "1506"]
[BlackElo "2027"]
[PlyCount "84"]
[EventDate "2014.04.30"]
[EventType "swiss"]
[EventRounds "9"]
[EventCountry "SRI"]
[SourceTitle "CBM 160 Extra"]
[Source "ChessBase"]
[SourceDate "2014.07.01"]
[SourceVersion "1"]
[SourceVersionDate "2014.07.01"]
[SourceQuality "1"]

1. d4 Nf6 2. e3 c5 3. Nf3 e6 4. b3 b6 5. Bb2 Bb7 6. Be2 Be7 7. c4 d6 8. Nc3 0-0 9. 0-0 Nbd7 10. Qc2 a6 11. Rfd1 Qc7 12. Rac1 Rfe8 13. e4 cxd4 14. Nxd4 Nc5 15. Bf3 Rac8 16. Qe2 Qb8 17. b4 Ncd7 18. a3 Bf8 19. Re1 Ne5 20. Nb1 d5 21. Nd2 Bd6 22. N4b3 Nxf3+ 23. Qxf3 Bxh2+ 24. Kh1 dxe4 25. Qh3 Be5 26. Bxe5 Qxe5 27. Re3 Red8 28. Rg3 Qf5 29. Re3 Ng4 30. Rf1 Nxf2+ 31. Rxf2 Qxf2 32. Qg3 Rxd2 33. Nxd2 Qxd2 34. c5 bxc5 35. bxc5 Qc1+ 36. Re1 Qxc5 37. Rf1 h6 38. Rb1 Qh5+ 39. Kg1 Bd5 40. Qe3 Qg4 41. Qe1 Rc2 42. Qf1 e3 0-1